Statistics for Naruto Quiz

Click here to take the quiz!

General Stats

  • This quiz has been taken 125 times
  • The average score is 16 of 19

Answer Stats

HintAnswer% Correct
Attacks with sandGaara
98%
The fifth hokageTsunade
96%
The first HokageHashirama Senju
94%
Killed the entire Uchiha clanItachi Uchiha
94%
Wants revenge on his brotherSasuke Uchiha
94%
The jinchuriki of the nine tailsNaruto Uzumaki
93%
The most famous Uchiha throughout historyMadara Uchiha
92%
The yellow flashMinato Namikaze
92%
The perverted toad sageJiraiya
91%
Is a medical ninja in the leaf villageSakura Haruno
91%
The jinchuriki of the eight tailsKiller B.
90%
Wants immortalityOrochimaru
87%
The leader of the akatsukiPain
87%
Went rogue because his crush diedObito Uchiha
85%
The mother of all chakraKaguya
82%
The right hand hand man of one of the saninKabuto
81%
The first jinchuriki of the nine tailsMito Uzumaki
79%
Got famous because of the sharinganKakashi Hatake
75%
Is known as the creator of all thingsSage of six paths
19%

Score Distribution

Percentile by Number Answered

Percent of People with Each Score

Your Score History

You have not taken this quiz